Statistics for Scottish Pro. Football League - Club Nicknames

Click here to take the quiz!

General Stats

  • This quiz has been taken 66 times
    (29 since last reset)
  • The average score is 15 of 24

Answer Stats

NicknameCLUB% Correct
BhoysCeltic
100%
SaintsSt. Johnstone
83%
JagsPartick Thistle
83%
BuddiesSt. Mirren
79%
BairnsFalkirk
76%
Bully WeeClyde
76%
DiamondsAirdrieonians
72%
ParsDunfermline Athletic
72%
TonGreenock Morton
69%
StaggiesRoss County
66%
SpidersQueen's Park
66%
WaspsAlloa Athletic
66%
TerrorsDundee United
62%
Honest MenAyr United
59%
DoonhamersQueen of the South
59%
SonsDumbarton
59%
Blue ToonPeterhead
55%
BinosStirling Albion
52%
WarriorsStenhousemuir
45%
Red LichtiesArbroath
41%
CitizensEdinburgh City
41%
LoonsForfar Athletic
41%
Gable EndiesMontrose
38%
ToonsersCove Rangers
10%

Score Distribution

Percentile by Number Answered

Percent of People with Each Score

Your Score History

You have not taken this quiz since the last reset